Statistiques concernant Animaux d'Amérique par images

Cliquez ici pour prendre le quiz!

Statistiques générales

  • Ce quiz a été pris 1 783 fois
    (562 depuis la dernière actualisation)
  • Le résultat moyen est 17 sur 24

Statistiques - réponses

Réponse% Correct
Lama
99%
Grizzli
98%
Castor
96%
Paresseux
95%
Alligator
92%
Élan
91%
Bison d'Amérique
89%
Raton laveur
88%
Toucan toco
83%
Puma
82%
Cerf de Virginie
81%
Jaguar
81%
Fourmilier
78%
Iguane
75%
Capybara
70%
Mouffette
68%
Ara rouge
67%
Caïman
62%
Lamantin
59%
Coyote
39%
Pygargue à tête blanche
38%
Ocelot
33%
Condor des Andes
21%
Cardinal
12%

Distribution des résultats

Percentile par nombre de réponses

% des personnes avec chaque résultat

Votre développement - résultats

Vous n’avez pas pris ce quiz depuis la dernière actualisation